000 00638nam a22001817a 4500
003 UA-OsUOA
001 16344
007 ta
008 20040103b un ||||| |||| 00| 0 ukr d
100 _aСвирид В.
942 _cSA
040 _aUA-OsUOA
_cUA-OsUOA
_dUA-OsUOA
245 _aЩо запропонує ринок праці безробітним: [Бесіда з заст. дир. Рівнен. міськ. центру зайнятості населення В. Свиридом]
300 _aС.6
955 _a0
773 0 _w0
_tСім днів
_dРівне
_d2003
_g№52/ 26 груд./
650 7 _aЗайнятість
_2UDC
999 _c302509
_d302509